000 00295nam a22001337a 4500
003 SGT
020 _a978-81-7637-337-1
082 _a615.53
_bP16J
100 _aJINDAL, NITIN
245 _aPANCHAKARMA SIDDHI
260 _aVARANASI
_bCHAUKHAMBA PUB
_c2016
650 _aAYURVEDA
942 _2ddc
_cBK
999 _c16610
_d16610